[Event "Masters"]
[Site "Hastings ENG"]
[Date "2009.01.02"]
[Round "6"]
[White "Kurnosov, I."]
[Black "Pavlovic, Milos"]
[Result "1-0"]
[WhiteElo "2606"]
[BlackElo "2524"]
[PlyCount "81"]
[EventDate "2008.12.28"]
[SourceDate "1999.07.01"]

1. e4 c5 2. Nf3 d6 3. d4 cxd4 4. Nxd4 Nf6 5. Nc3 g6 6. Be3 Bg7 7. f3 O-O 8. Qd2
Nc6 9. Bc4 Bd7 10. O-O-O Rb8 11. Bb3 Na5 12. Bh6 Bxh6 13. Qxh6 e5 14. Nde2
Nxb3+ 15. axb3 b5 16. Rxd6 b4 17. Na4 Qe7 18. Rhd1 Rfc8 19. Qg5 Bxa4 20. bxa4
Rb6 21. Qd2 Qc7 22. Rd8+ Kg7 23. Rxc8 Qxc8 24. b3 Qc5 25. Kb1 Rc6 26. Nc1 a5
27. Nd3 Qe7 28. Nb2 Qc7 29. Nc4 Rxc4 30. bxc4 Qxc4 31. Qd3 Qc6 32. Qb5 Qc7 33.
Rd3 h6 34. g3 Nh7 35. Qd7 Qxd7 36. Rxd7 Ng5 37. Rd3 Ne6 38. Rd5 Ng5 39. Rxe5
Nxf3 40. Rxa5 Nxh2 41. Rd5 1-0

[Event "Open A"]
[Site "Gjovik NOR"]
[Date "2009.01.04"]
[Round "6"]
[White "Tiviakov, S."]
[Black "Geetha Narayanan, G."]
[Result "1/2-1/2"]
[WhiteElo "2686"]
[BlackElo "2548"]
[PlyCount "45"]
[EventDate "2008.12.29"]
[SourceDate "1999.07.01"]

1. e4 c5 2. Nf3 d6 3. Bb5+ Nd7 4. d4 Ngf6 5. O-O a6 6. Bxd7+ Nxd7 7. c4 e6 8.
Nc3 Be7 9. dxc5 dxc5 10. e5 b6 11. Ne4 Bb7 12. Qe2 Qc7 13. Bf4 O-O-O 14. Rad1
h6 15. Bg3 Qc6 16. Rfe1 Qxe4 17. Qxe4 Bxe4 18. Rxe4 Nb8 19. Rb1 Nc6 20. Kf1 Rd7
21. h4 Rhd8 22. h5 Nd4 23. Nxd4 1/2-1/2

[Event "68th ch-GEO"]
[Site "Tbilisi GEO"]
[Date "2009.01.22"]
[Round "6"]
[White "Gagunashvili, M."]
[Black "Sanikidze, T."]
[Result "1-0"]
[WhiteElo "2585"]
[BlackElo "2522"]
[PlyCount "99"]
[EventDate "2009.01.17"]
[SourceDate "1999.07.01"]

1. e4 c5 2. Nf3 d6 3. c3 Nf6 4. Bd3 g6 5. O-O Bg7 6. Bc2 Nc6 7. h3 O-O 8. Re1
e5 9. d4 exd4 10. cxd4 Nxd4 11. Nxd4 cxd4 12. Qxd4 Re8 13. Qd1 d5 14. e5 Ne4
15. Bxe4 dxe4 16. Qxd8 Rxd8 17. Bf4 e3 18. f3 Rd4 19. Bxe3 Bxe5 20. Bf2 Bf6 21.
Re8+ Kg7 22. Nc3 Rd8 23. Rxd8 Bxd8 24. Rd1 Be6 25. Bxa7 Rxa7 26. Rxd8 Bxa2 27.
Rd7 Bc4 28. Kf2 h5 29. h4 Kf8 30. Rc7 Be6 31. Kg3 Ke8 32. Nb5 Kd8 33. Rxf7 Bxf7
34. Nxa7 Be8 35. Kf4 Kc7 36. Kg5 Kb8 37. Nb5 Bxb5 38. Kxg6 Be8+ 39. Kf6 Kc7 40.
g4 Kd8 41. g5 Bc6 42. f4 Ke8 43. g6 Kf8 44. f5 Bf3 45. Kg5 Ke7 46. f6+ Kf8 47.
Kh6 Kg8 48. f7+ Kf8 49. g7+ Kxf7 50. Kh7 1-0

[Event "7th Gibtelecom Masters"]
[Site "Caleta ENG"]
[Date "2009.01.31"]
[Round "5"]
[White "Socko, B."]
[Black "Gashimov, V."]
[Result "1/2-1/2"]
[WhiteElo "2631"]
[BlackElo "2723"]
[PlyCount "59"]
[EventDate "2009.01.27"]
[SourceDate "1999.07.01"]

1. e4 c5 2. Nf3 d6 3. d4 cxd4 4. Nxd4 Nf6 5. Nc3 g6 6. Be3 Bg7 7. Qd2 Ng4 8.
Bg5 Nc6 9. Nxc6 bxc6 10. h3 h6 11. Bf4 g5 12. Bg3 Ne5 13. Be2 Rb8 14. Nd1 Be6
15. O-O Qb6 16. Rc1 Ng6 17. b3 Qc5 18. c3 h5 19. Ne3 Nf4 20. Bc4 O-O 21. Rfe1
a5 22. Bxf4 gxf4 23. Nf5 Bxf5 24. exf5 Qxf5 25. Rxe7 d5 26. Bd3 Qg5 27. Rce1
Bf6 28. Rc7 Rbc8 29. Rxc8 Rxc8 30. c4 1/2-1/2

[Event "XXXIV Open"]
[Site "Seville ESP"]
[Date "2009.01.29"]
[Round "7"]
[White "Rivas Pastor, M."]
[Black "Spraggett, K."]
[Result "1/2-1/2"]
[WhiteElo "2514"]
[BlackElo "2586"]
[PlyCount "20"]
[EventDate "2009.01.23"]
[SourceDate "1999.07.01"]

1. e4 c5 2. Nf3 d6 3. Bb5+ Nd7 4. c3 Ngf6 5. d3 a6 6. Ba4 e6 7. O-O b5 8. Bc2
Bb7 9. Re1 Rc8 10. h3 Be7 1/2-1/2

[Event "Open A"]
[Site "Moscow RUS"]
[Date "2009.02.05"]
[Round "6"]
[White "Vorobiov, E."]
[Black "Savchenko, B."]
[Result "1/2-1/2"]
[WhiteElo "2591"]
[BlackElo "2654"]
[PlyCount "28"]
[EventDate "2009.01.31"]
[SourceDate "1999.07.01"]

1. e4 c5 2. Nf3 d6 3. d4 cxd4 4. Nxd4 Nf6 5. Nc3 Nc6 6. Bg5 e6 7. Qd2 Be7 8.
O-O-O a6 9. f3 Nxd4 10. Qxd4 b5 11. h4 Bb7 12. Kb1 Rc8 13. Qd2 Qc7 14. Bd3 O-O
1/2-1/2

[Event "Open A"]
[Site "Moscow RUS"]
[Date "2009.02.05"]
[Round "6"]
[White "Lastin, A."]
[Black "Geller, J."]
[Result "1-0"]
[WhiteElo "2643"]
[BlackElo "2523"]
[PlyCount "85"]
[EventDate "2009.01.31"]
[SourceDate "1999.07.01"]

1. e4 c5 2. Nf3 d6 3. d4 cxd4 4. Nxd4 Nf6 5. Nc3 Nc6 6. Bg5 e6 7. Qd2 a6 8.
O-O-O Be7 9. f4 Nxd4 10. Qxd4 b5 11. Bxf6 gxf6 12. Kb1 Qc7 13. f5 Qc5 14. Qd2
h5 15. Bd3 Bd7 16. Ne2 e5 17. Nc3 Bc6 18. Be2 h4 19. Qc1 Bf8 20. Rd3 Bh6 21.
Qd1 Rd8 22. Nd5 Bxd5 23. Rxd5 Qb6 24. Bf3 Ke7 25. c3 Rc8 26. Qd3 Rc5 27. Rd1
Rd8 28. Bh5 Qc6 29. Qc2 Rxd5 30. Rxd5 Qc4 31. Be2 Qc6 32. a4 bxa4 33. Ra5 Ra8
34. Rxa4 Be3 35. Bc4 Ra7 36. Bd5 Qb5 37. Rb4 Qf1+ 38. Ka2 a5 39. Rc4 Bc5 40.
Qb3 a4 41. Qb8 Qf2 42. Bc6 d5 43. exd5 1-0

[Event "Open A"]
[Site "Moscow RUS"]
[Date "2009.02.05"]
[Round "6"]
[White "Nikolenko, O."]
[Black "Li Chao2"]
[Result "1-0"]
[WhiteElo "2511"]
[BlackElo "2628"]
[PlyCount "45"]
[EventDate "2009.01.31"]
[SourceDate "1999.07.01"]

1. e4 c5 2. Nf3 d6 3. Nc3 Nc6 4. d4 cxd4 5. Nxd4 g6 6. Nd5 e6 7. Nc3 a6 8. Be3
Nf6 9. Qd2 Ne5 10. f4 Neg4 11. Bg1 e5 12. h3 exd4 13. Bxd4 Ne5 14. O-O-O Ned7
15. e5 dxe5 16. fxe5 Ng8 17. Kb1 Nc5 18. e6 f6 19. Bc4 Nxe6 20. Qe2 Qe7 21. Bb6
Kf7 22. Rd8 f5 23. Re1 1-0

[Event "Open A"]
[Site "Moscow RUS"]
[Date "2009.02.07"]
[Round "8"]
[White "Zvjaginsev, V."]
[Black "Zubov, A UKR."]
[Result "1/2-1/2"]
[WhiteElo "2636"]
[BlackElo "2574"]
[PlyCount "53"]
[EventDate "2009.01.31"]
[SourceDate "1999.07.01"]

1. e4 c5 2. Nf3 d6 3. d4 cxd4 4. Qxd4 Nc6 5. Bb5 Qa5+ 6. Nc3 Qxb5 7. Nxb5 Nxd4
8. Nfxd4 Kd8 9. c4 Nf6 10. f3 Bd7 11. b3 e5 12. Nf5 Bxb5 13. cxb5 Kd7 14. Bg5
Ne8 15. O-O-O g6 16. Ne3 f6 17. Bh4 Bh6 18. Rhe1 a6 19. bxa6 Rxa6 20. Kb2 Bxe3
21. Rxe3 Rf8 22. Be1 Nc7 23. a4 Rfa8 24. Red3 Rc6 25. Bb4 Raa6 26. Ba3 Ke7 27.
Bb4 1/2-1/2

[Event "Open A"]
[Site "Moscow RUS"]
[Date "2009.02.08"]
[Round "9"]
[White "Tseshkovsky, V."]
[Black "Savchenko, B."]
[Result "0-1"]
[WhiteElo "2542"]
[BlackElo "2654"]
[PlyCount "102"]
[EventDate "2009.01.31"]
[SourceDate "1999.07.01"]

1. e4 c5 2. Nf3 d6 3. d4 cxd4 4. Nxd4 Nf6 5. Nc3 Nc6 6. Bg5 e6 7. Qd2 a6 8.
O-O-O Be7 9. f4 Nxd4 10. Qxd4 b5 11. Bxf6 gxf6 12. e5 d5 13. Kb1 Bd7 14. f5
fxe5 15. Qxe5 Bf6 16. Qg3 Rc8 17. fxe6 fxe6 18. Bd3 Rxc3 19. bxc3 Qa5 20. Rhf1
Qxc3 21. Rxf6 Qxf6 22. Rf1 Qe7 23. Qb8+ Qd8 24. Qe5 Ke7 25. Bxh7 Qb8 26. Qg7+
Kd6 27. Rf7 Rd8 28. Qg3+ Kc6 29. Qxb8 Rxb8 30. g4 e5 31. g5 Be6 32. Rf1 Kd6 33.
h4 Ke7 34. h5 Rf8 35. Rg1 e4 36. h6 Rf2 37. Kc1 Rh2 38. Bg6 Bf7 39. Bf5 Bg8 40.
Rg3 b4 41. Kd1 a5 42. Ke1 a4 43. a3 Kd6 44. Bh3 d4 45. g6 d3 46. Bg2 dxc2 47.
Kd2 b3 48. h7 e3+ 49. Kc1 e2 50. Rd3+ Bd5 51. Rxd5+ Ke6 0-1

[Event "2nd Pfalz Open"]
[Site "Neustadt an der Weinstrasse G"]
[Date "2009.02.22"]
[Round "9"]
[White "Gopal, G."]
[Black "Baklan, V."]
[Result "1/2-1/2"]
[WhiteElo "2555"]
[BlackElo "2627"]
[PlyCount "52"]
[EventDate "2009.02.15"]
[SourceDate "1999.07.01"]

1. e4 c5 2. Nf3 d6 3. d4 cxd4 4. Nxd4 Nf6 5. Nc3 Bd7 6. f3 e5 7. Nb3 Be7 8. Be3
O-O 9. Qd2 a5 10. a4 Na6 11. O-O-O Nb4 12. g4 Be6 13. Kb1 Rc8 14. g5 Nd7 15. f4
exf4 16. Bxf4 Nc5 17. Nd4 Bg4 18. Be2 Bxe2 19. Qxe2 Ne6 20. Nxe6 fxe6 21. Qg4
Qd7 22. Bxd6 Bxd6 23. e5 Rc6 24. exd6 Rxd6 25. Nb5 Rd5 26. Nc3 Qc6 1/2-1/2

[Event "25th Open"]
[Site "Cappelle la Grande FRA"]
[Date "2009.03.02"]
[Round "4"]
[White "Radulski, J."]
[Black "Sanikidze, T."]
[Result "0-1"]
[WhiteElo "2580"]
[BlackElo "2522"]
[PlyCount "58"]
[EventDate "2009.02.28"]
[SourceDate "1999.07.01"]

1. e4 c5 2. Nf3 d6 3. d4 cxd4 4. Nxd4 Nf6 5. Nc3 Nc6 6. Bg5 e6 7. Qd2 Qb6 8.
Nb3 Be7 9. Be2 O-O 10. O-O Rd8 11. Be3 Qc7 12. f4 a6 13. Bf3 d5 14. exd5 Nb4
15. g3 Nfxd5 16. Nxd5 Nxd5 17. Bd4 Nb4 18. Qg2 Qxc2 19. Rf2 Qc4 20. Bb6 Re8 21.
Rd2 Nxa2 22. Na5 Qb5 23. Qf2 Nb4 24. Rad1 h6 25. b3 Qf5 26. Nxb7 Bxb7 27. Bxb7
Rab8 28. Rd7 Qb5 29. Rc7 Bd8 0-1

[Event "25th Open"]
[Site "Cappelle la Grande FRA"]
[Date "2009.03.03"]
[Round "5"]
[White "Degraeve, JM."]
[Black "Vovk, Y."]
[Result "0-1"]
[WhiteElo "2553"]
[BlackElo "2546"]
[PlyCount "78"]
[EventDate "2009.02.28"]
[SourceDate "1999.07.01"]

1. e4 c5 2. Nf3 d6 3. Bc4 Nf6 4. d3 Nc6 5. c3 g6 6. O-O Bg7 7. Bb3 O-O 8. Re1
Bg4 9. Nbd2 Bh6 10. h3 Bxf3 11. Nxf3 Bxc1 12. Rxc1 e6 13. Qd2 Kg7 14. Ba4 Rc8
15. Nh2 a6 16. Bxc6 Rxc6 17. c4 e5 18. f4 Nh5 19. f5 Nf4 20. Nf3 gxf5 21. exf5
Qf6 22. g3 Nh5 23. Kf2 Rg8 24. Re4 Kh8 25. Rg1 Qe7 26. Rh4 Nf6 27. Kg2 d5 28.
cxd5 Nxd5 29. Re1 f6 30. Kh2 Qd7 31. Rh5 Nb4 32. Rd1 Rd6 33. Nh4 Rg7 34. Qc3 b6
35. a3 Rxd3 36. Ng6+ Kg8 37. Qc4+ Rf7 38. Rxd3 Qxd3 39. Qh4 Qd7 0-1

[Event "Moscow Open A 2013"]
[Site "Moscow RUS"]
[Date "2013.02.05"]
[Round "4.5"]
[White "Nepomniachtchi, I."]
[Black "Gabuzyan, H."]
[Result "1-0"]
[WhiteElo "2703"]
[BlackElo "2517"]
[PlyCount "105"]
[EventDate "2013.02.02"]
[SourceDate "1999.07.01"]

1. e4 c5 2. Nf3 d6 3. d4 cxd4 4. Qxd4 a6 5. h3 e6 6. c4 Nd7 7. Be2 b6 8. Nc3
Bb7 9. O-O Ngf6 10. b3 Qc7 11. Bb2 Nc5 12. Nd2 Be7 13. Qe3 O-O 14. Rac1 Rfe8
15. Rfd1 Rad8 16. b4 Ncd7 17. a3 Qb8 18. Nf3 Qa8 19. Bd3 Bf8 20. Re1 d5 21. e5
dxc4 22. Bxc4 Nd5 23. Nxd5 Bxd5 24. Bxd5 Qxd5 25. Red1 Qb7 26. Ng5 h6 27. Ne4
Rc8 28. Qf3 Rxc1 29. Rxc1 Qb8 30. Qg3 Rc8 31. Rd1 Qb7 32. Qd3 Rc7 33. Nd6 Qa8
34. f4 b5 35. f5 Qd5 36. Qxd5 exd5 37. Rxd5 Rc2 38. Bd4 Rd2 39. Nxf7 Nb6 40.
Rd8 Rd1+ 41. Kf2 Rd2+ 42. Kf3 Rxd4 43. Nxh6+ gxh6 44. Rxd4 Nc4 45. Ke4 Nxa3 46.
e6 Be7 47. Rd7 Bg5 48. Ra7 Nc2 49. g3 Nxb4 50. h4 Bf6 51. Rf7 Bb2 52. f6 Nc6
53. Rc7 1-0

[Event "Moscow Open F 2013"]
[Site "Moscow RUS"]
[Date "2013.02.08"]
[Round "7.4"]
[White "Hovhannisyan, R."]
[Black "Eliseev, U."]
[Result "0-1"]
[WhiteElo "2630"]
[BlackElo "2525"]
[PlyCount "86"]
[EventDate "2013.02.02"]
[SourceDate "1999.07.01"]

1. e4 c5 2. Nf3 d6 3. d4 cxd4 4. Nxd4 Nf6 5. Nc3 Nc6 6. Be2 e5 7. Nf3 Be7 8.
Bg5 O-O 9. O-O Be6 10. Bxf6 Bxf6 11. Nd5 Bg5 12. Nxg5 Qxg5 13. c3 Rad8 14. Bc4
Kh8 15. Bb3 Qg6 16. Qe2 f5 17. exf5 Rxf5 18. Rad1 Rf7 19. Bc2 Qh6 20. Be4 Ne7
21. Rd3 Ng6 22. g3 Rdf8 23. Qe3 Qh5 24. Bg2 Bf5 25. Rd2 Bh3 26. f3 Bxg2 27.
Kxg2 Rf5 28. Rdf2 b6 29. c4 Rg5 30. f4 Rgf5 31. Qe2 Qxe2 32. Rxe2 exf4 33. gxf4
b5 34. b3 bxc4 35. bxc4 Nh4+ 36. Kg3 g5 37. Re7 Rxd5 38. Rxa7 Rd4 39. Kg4 Ng6
40. Kxg5 Nxf4 41. Kh6 Rf6+ 42. Kg5 Rg6+ 43. Kf5 Ng2 0-1

[Event "Moscow Open F 2013"]
[Site "Moscow RUS"]
[Date "2013.02.09"]
[Round "8.1"]
[White "Reshetnikov, Al"]
[Black "Krejci, Jan2"]
[Result "0-1"]
[WhiteElo "2508"]
[BlackElo "2529"]
[PlyCount "64"]
[EventDate "2013.02.02"]
[SourceDate "1999.07.01"]

1. e4 c5 2. Nf3 d6 3. d4 cxd4 4. Nxd4 Nf6 5. Nc3 Nc6 6. Bg5 e6 7. Qd2 a6 8.
O-O-O Bd7 9. f4 h6 10. Bxf6 Qxf6 11. e5 dxe5 12. Ndb5 Qd8 13. Nd6+ Bxd6 14.
Qxd6 exf4 15. Ne4 Qe7 16. Qc7 Bc8 17. Nd6+ Kf8 18. Qb6 g6 19. Bc4 Kg7 20. Rhf1
Rd8 21. Qc5 e5 22. Rfe1 Bg4 23. Rd2 Rd7 24. Nxb7 Rxb7 25. Qxc6 Rc8 26. Qxa6 e4
27. Bb3 e3 28. Rd4 g5 29. c3 Bf5 30. Qd6 Qxd6 31. Rxd6 Rxb3 32. axb3 Ra8 0-1

[Event "13th ch-CRO 2013"]
[Site "Plitvicka Jezera CRO"]
[Date "2013.01.31"]
[Round "11.3"]
[White "Jovanovic, Zo CRO"]
[Black "Kozul, Z."]
[Result "1/2-1/2"]
[WhiteElo "2508"]
[BlackElo "2637"]
[PlyCount "104"]
[EventDate "2013.01.21"]
[SourceDate "1999.07.01"]

1. e4 c5 2. Nf3 d6 3. Nc3 a6 4. d4 cxd4 5. Nxd4 e6 6. Be3 Nf6 7. g4 b5 8. g5
Nfd7 9. Qd2 Bb7 10. f3 Nb6 11. a3 N8d7 12. O-O-O Ne5 13. Qf2 Nec4 14. h4 Rc8
15. Nb3 Nxe3 16. Qxe3 Qc7 17. Bd3 g6 18. Qd4 Rg8 19. Qb4 d5 20. Qa5 Bg7 21. Na2
Na4 22. c3 Nc5 23. Qxc7 Nxb3+ 24. Kc2 Rxc7 25. Kxb3 Ke7 26. Rhe1 Be5 27. Nb4 a5
28. exd5 Bg3 29. Rg1 axb4 30. Rxg3 bxc3 31. bxc3 Bxd5+ 32. Kb4 Bc4 33. Bc2 Rgc8
34. f4 Bd5 35. Rd4 Rc4+ 36. Rxc4 bxc4 37. Ba4 Kd6 38. Bb5 h6 39. a4 hxg5 40.
hxg5 Rh8 41. Bxc4 Rh4 42. Bxd5 exd5 43. Rf3 Rh1 44. f5 Rb1+ 45. Ka5 Rb3 46.
fxg6 fxg6 47. Ka6 Ke5 48. a5 Ke4 49. Rf6 Rxc3 50. Rxg6 d4 51. Rd6 Rg3 52. g6
Ke5 1/2-1/2

[Event "Bundesliga 2012-13"]
[Site "Solingen GER"]
[Date "2013.02.02"]
[Round "7"]
[White "Smeets, J."]
[Black "Ftacnik, L."]
[Result "1-0"]
[WhiteElo "2613"]
[BlackElo "2547"]
[PlyCount "53"]
[EventDate "2012.10.20"]
[EventType "team"]
[SourceDate "1999.07.01"]
[WhiteTeam "SG Solingen"]
[BlackTeam "Hamburger SK"]

1. e4 c5 2. Nf3 d6 3. c3 Nf6 4. Bd3 Nc6 5. Bc2 Bg4 6. h3 Bxf3 7. Qxf3 g6 8. d3
Bg7 9. O-O O-O 10. Qe2 b5 11. Be3 Nd7 12. a3 a5 13. Nd2 b4 14. Ba4 Qc7 15. Rfc1
Nb6 16. Bxc6 bxc3 17. bxc3 Qxc6 18. d4 Rfb8 19. Rab1 Na4 20. Qd3 Rxb1 21. Rxb1
cxd4 22. cxd4 Nc3 23. Rb3 Rc8 24. Nc4 Qxe4 25. Qxc3 Qe6 26. Qd3 Rxc4 27. Qxc4
1-0

[Event "11th Gibraltar Masters"]
[Site "Caleta ENG"]
[Date "2013.01.25"]
[Round "4.5"]
[White "Ehlvest, J."]
[Black "Yu Yangyi"]
[Result "1/2-1/2"]
[WhiteElo "2605"]
[BlackElo "2688"]
[PlyCount "71"]
[EventDate "2013.01.22"]
[SourceDate "1999.07.01"]

1. e4 c5 2. Nf3 d6 3. d4 cxd4 4. Qxd4 Nc6 5. Bb5 Bd7 6. Qd3 Nf6 7. c4 g6 8. O-O
Bg7 9. h3 O-O 10. Nc3 a6 11. Bxc6 bxc6 12. Rd1 Qb8 13. Rb1 Be6 14. Nd4 Qc8 15.
b3 Nd7 16. Bg5 f6 17. Be3 f5 18. Bg5 Rf7 19. Qe3 Nc5 20. exf5 Bxf5 21. Rbc1 Qb7
22. Bh6 Bxh6 23. Qxh6 Raf8 24. Qe3 a5 25. Nf3 Rf6 26. Ng5 h6 27. Nge4 Nxe4 28.
Nxe4 Bxe4 29. Qxe4 Qa7 30. Rc2 Kg7 31. Rdd2 Qc7 32. Re2 R8f7 33. Rcd2 Qb6 34.
Qd3 Qb4 35. Re3 Qc5 36. Rde2 1/2-1/2

[Event "11th Gibraltar Masters"]
[Site "Caleta ENG"]
[Date "2013.01.28"]
[Round "7.9"]
[White "Yu Yangyi"]
[Black "Cmilyte, V."]
[Result "1-0"]
[WhiteElo "2688"]
[BlackElo "2515"]
[PlyCount "81"]
[EventDate "2013.01.22"]
[SourceDate "1999.07.01"]

1. e4 c5 2. Nf3 d6 3. d4 cxd4 4. Nxd4 Nf6 5. Nc3 g6 6. Be3 Bg7 7. f3 O-O 8. Qd2
Nc6 9. g4 Be6 10. Nxe6 fxe6 11. O-O-O Ne5 12. Be2 Qc8 13. h4 Nfd7 14. h5 Nc4
15. Bxc4 Qxc4 16. hxg6 Rxf3 17. gxh7+ Kh8 18. Bd4 Bxd4 19. Qxd4+ Qxd4 20. Rxd4
Raf8 21. Rc4 Ne5 22. Rc7 Rf1+ 23. Rxf1 Rxf1+ 24. Kd2 Rf2+ 25. Ne2 Kxh7 26. Rxb7
Nc4+ 27. Kc3 Rxe2 28. Kxc4 Rxe4+ 29. Kd3 d5 30. Rxe7+ Kg6 31. b3 Kf6 32. Rxa7
Rxg4 33. Rd7 Rg3+ 34. Kd2 Ke5 35. a4 Kd4 36. a5 Rg2+ 37. Kc1 Kc5 38. Rb7 e5 39.
a6 Rg8 40. b4+ Kc4 41. a7 1-0

[Event "5th Chennai Open 2013"]
[Site "Chennai IND"]
[Date "2013.01.23"]
[Round "11"]
[White "Deviatkin, A."]
[Black "Lu Shanglei"]
[Result "0-1"]
[WhiteElo "2569"]
[BlackElo "2526"]
[PlyCount "90"]
[EventDate "2013.01.16"]
[SourceDate "1999.07.01"]

1. e4 c5 2. Nf3 d6 3. c3 Nf6 4. h3 Nc6 5. Bd3 d5 6. e5 Nd7 7. Bb5 Qb6 8. Na3 e6
9. d3 a6 10. Bxc6 Qxc6 11. O-O b6 12. Nc2 Be7 13. Re1 Qc7 14. d4 h6 15. c4 dxc4
16. d5 exd5 17. Ne3 d4 18. Nf5 Nb8 19. e6 Bf6 20. N3h4 Bxe6 21. Qf3 Qc6 22. Qg3
g5 23. Nd6+ Kd7 24. Ne4 Be7 25. Nf3 f6 26. Bf4 Bf5 27. Nxf6+ Bxf6 28. Ne5+ Bxe5
29. Rxe5 Be6 30. Rae1 Re8 31. Bd2 Qd6 32. Qf3 Nc6 33. R5e2 d3 34. Re3 Nd4 35.
Qb7+ Qc7 36. Qe4 Qc6 37. Qg6 Re7 38. b3 Ne2+ 39. R1xe2 dxe2 40. Qxh6 Rae8 41.
Rxe2 Bf5 42. Rxe7+ Rxe7 43. Qxg5 Qg6 44. Qh4 Rg7 45. g4 Bxg4 0-1

[Event "Dvorkovich Mem 2013"]
[Site "Taganrog RUS"]
[Date "2013.01.22"]
[Round "8.1"]
[White "Popov, Iv RUS"]
[Black "Kryakvin, D."]
[Result "1-0"]
[WhiteElo "2623"]
[BlackElo "2586"]
[PlyCount "89"]
[EventDate "2013.01.15"]
[SourceDate "1999.07.01"]

1. e4 c5 2. Nf3 d6 3. d4 cxd4 4. Nxd4 Nf6 5. Nc3 Nc6 6. Bg5 e6 7. Qd2 Be7 8.
O-O-O O-O 9. Ndb5 Qa5 10. Bxf6 Bxf6 11. Nxd6 Rd8 12. f4 Nb4 13. Bc4 Bxc3 14.
Qxc3 Nxa2+ 15. Bxa2 Qxa2 16. Qa3 Qxa3 17. bxa3 f6 18. e5 fxe5 19. fxe5 b6 20.
Rhf1 Ba6 21. Rf4 Rd7 22. Ra4 Bb7 23. Rd2 Bc6 24. Rf4 Rf8 25. Rxf8+ Kxf8 26. Kb2
Rc7 27. Rf2+ Kg8 28. c4 a5 29. Kc3 Ba4 30. Rb2 Rc6 31. Kd4 Bd1 32. Ne4 a4 33.
Rb4 Bc2 34. Nc3 h5 35. Nxa4 Rc8 36. Nxb6 Rd8+ 37. Kc3 Be4 38. Rb2 Rd3+ 39. Kb4
h4 40. a4 Bb7 41. a5 Re3 42. Ra2 Ba6 43. Nd7 Re4 44. Rc2 Re1 45. Nc5 1-0

[Event "Dvorkovich Mem 2013"]
[Site "Taganrog RUS"]
[Date "2013.01.19"]
[Round "5.3"]
[White "Onischuk, V."]
[Black "Smirnov, P."]
[Result "1/2-1/2"]
[WhiteElo "2574"]
[BlackElo "2610"]
[PlyCount "74"]
[EventDate "2013.01.15"]
[SourceDate "1999.07.01"]

1. e4 c5 2. Nf3 d6 3. d4 cxd4 4. Nxd4 Nf6 5. Nc3 g6 6. Be2 Bg7 7. O-O O-O 8.
Re1 Nc6 9. Nb3 Be6 10. Bf1 d5 11. Nc5 Bg4 12. f3 d4 13. Ne2 Bc8 14. Nd3 Ne8 15.
c3 dxc3 16. Nxc3 Nd6 17. Nf4 b6 18. Be3 Bb7 19. Qd2 Rc8 20. Rac1 Qd7 21. Red1
Rfd8 22. Nb5 Qe8 23. Nxd6 Rxd6 24. Nd5 Rdd8 25. Bb5 e6 26. Bxc6 Bxc6 27. Rxc6
Qxc6 28. Ne7+ Kf8 29. Nxc6 Rxd2 30. Rxd2 Rxc6 31. Rd7 Rc2 32. Rxa7 Rxb2 33.
Ra8+ Ke7 34. Ra7+ Ke8 35. Ra8+ Ke7 36. Ra7+ Ke8 37. Ra8+ Ke7 1/2-1/2

[Event "88th Hastings Masters"]
[Site "Hastings ENG"]
[Date "2013.01.02"]
[Round "6.1"]
[White "Vocaturo, D."]
[Black "Jones, G."]
[Result "0-1"]
[WhiteElo "2521"]
[BlackElo "2644"]
[PlyCount "96"]
[EventDate "2012.12.28"]
[SourceDate "1999.07.01"]

1. e4 c5 2. Nf3 d6 3. d4 cxd4 4. Nxd4 Nf6 5. Nc3 g6 6. Be3 Bg7 7. f3 Nc6 8. Qd2
O-O 9. O-O-O d5 10. exd5 Nxd5 11. Nxc6 bxc6 12. Nxd5 cxd5 13. Qxd5 Qc7 14. Qc5
Qb7 15. c3 Bf5 16. Qa3 Rab8 17. Ba6 Qc6 18. Bd3 Rfc8 19. Bxf5 gxf5 20. Rd3 e5
21. Rhd1 Bf8 22. Qa5 Rb5 23. Qa4 f4 24. Bg1 a6 25. Qe4 Qe6 26. Kb1 Rc4 27. Qe2
Ra4 28. b4 Qc4 29. Qd2 Kg7 30. Rd8 Raxb4+ 31. Ka1 Rb2 32. Qxb2 Rxb2 33. Kxb2 a5
34. R8d3 Qb5+ 35. Kc2 Ba3 36. Rb1 Qc4 37. Rb3 Bf8 38. Kd2 a4 39. Rb2 Ba3 40.
Rc2 Kg6 41. g3 fxg3 42. hxg3 f5 43. Bf2 e4 44. fxe4 fxe4 45. Rd7 Qb5 46. Rd4
Bc5 47. c4 Qb1 48. Be3 Bb4+ 0-1

[Event "Piterenka Rapid 2012"]
[Site "Moscow RUS"]
[Date "2012.12.29"]
[Round "6"]
[White "Grischuk, A."]
[Black "Nepomniachtchi, I."]
[Result "1/2-1/2"]
[WhiteElo "2764"]
[BlackElo "2707"]
[PlyCount "49"]
[EventDate "2012.12.29"]
[SourceDate "1999.07.01"]

1. e4 c5 2. Nf3 d6 3. d4 Nf6 4. Bb5+ Nbd7 5. O-O cxd4 6. Qxd4 e5 7. Qd3 h6 8.
c4 Be7 9. Nc3 O-O 10. Bxd7 Bxd7 11. a4 Bc6 12. Rd1 Qe8 13. b3 Rd8 14. Nd2 Nh5
15. g3 Bg5 16. Nf1 Qe6 17. Nd5 Bxd5 18. Qxd5 Qg4 19. Bxg5 hxg5 20. Qxb7 Nf4 21.
Ne3 Nh3+ 22. Kg2 Nf4+ 23. Kg1 Nh3+ 24. Kg2 Nf4+ 25. Kg1 1/2-1/2

[Event "World Cities Team KO"]
[Site "Al-Ain UAE"]
[Date "2012.12.25"]
[Round "1.4"]
[White "Hamdouchi, H."]
[Black "Durarbayli, V."]
[Result "0-1"]
[WhiteElo "2610"]
[BlackElo "2587"]
[PlyCount "136"]
[EventDate "2012.12.22"]
[SourceDate "1999.07.01"]
[WhiteTeam "Paris"]
[BlackTeam "Baku"]

1. e4 c5 2. Nf3 d6 3. d4 cxd4 4. Nxd4 Nf6 5. Nc3 Nc6 6. Bg5 e6 7. Qd2 Be7 8.
O-O-O a6 9. f4 Bd7 10. Nf3 b5 11. e5 b4 12. exf6 bxc3 13. Qxc3 gxf6 14. Bh4 Rc8
15. Bxa6 Rc7 16. Bb5 d5 17. Nd4 Nb4 18. Bxd7+ Qxd7 19. Qb3 O-O 20. a3 Na6 21.
Rhe1 Nc5 22. Qf3 Ne4 23. Rd3 Rfc8 24. Rxe4 dxe4 25. Qxe4 Rc5 26. Kb1 Qd5 27.
Qe2 Rc4 28. c3 Kf8 29. g4 Qh1+ 30. Rd1 Qb7 31. Ka2 Rb8 32. Qc2 Ra4 33. Qb3 Qa8
34. Nb5 Ra5 35. c4 Qg2 36. Ka1 Qxg4 37. Bg3 Qe2 38. Qd3 Qxd3 39. Rxd3 Rc8 40.
Rd4 f5 41. Ka2 Bf6 42. Rd7 Rxc4 43. Nd6 Rd5 44. Rxf7+ Kg8 45. Nxc4 Kxf7 46. a4
Rd4 47. Kb3 Ke7 48. Kb4 Kd7 49. Kb5 h5 50. b4 h4 51. Bf2 Rxf4 52. Bc5 h3 53. a5
Rg4 54. a6 Rg8 55. a7 Kc7 56. Ka6 Kc6 57. Bd6 Bd4 58. b5+ Kd5 59. b6 Kxc4 60.
b7 Bxa7 61. Kxa7 Kd5 62. b8=Q Rxb8 63. Bxb8 Ke4 64. Kb6 f4 65. Kc6 f3 66. Ba7
Kd3 67. Kd6 Ke2 68. Kxe6 f2 0-1

[Event "World Cities Team GpC"]
[Site "Al-Ain UAE"]
[Date "2012.12.22"]
[Round "1.2"]
[White "Neiksans, A."]
[Black "Banikas, H."]
[Result "1-0"]
[WhiteElo "2534"]
[BlackElo "2620"]
[PlyCount "101"]
[EventDate "2012.12.22"]
[SourceDate "1999.07.01"]
[WhiteTeam "Riga"]
[BlackTeam "Athens"]

1. e4 c5 2. Nf3 d6 3. Bb5+ Nd7 4. d4 Ngf6 5. Nc3 cxd4 6. Qxd4 e5 7. Qd3 h6 8.
Be3 a6 9. Bc4 b5 10. Bb3 Bb7 11. a4 Qa5 12. Nd2 b4 13. Nd5 Nxd5 14. Bxd5 Bxd5
15. exd5 Nf6 16. Nc4 Qxd5 17. O-O-O Rc8 18. Qxd5 Nxd5 19. Nxd6+ Bxd6 20. Rxd5
Ke7 21. Rhd1 Rhd8 22. Bb6 Rd7 23. Kb1 Ke6 24. Ba5 Rb8 25. Bc7 Rxc7 26. Rxd6+
Kf5 27. Rxa6 h5 28. Rad6 f6 29. Rd7 Rc4 30. Rxg7 b3 31. cxb3 Rxb3 32. Rg3 Rxg3
33. hxg3 Rxa4 34. Kc2 Rc4+ 35. Kb3 Re4 36. Rd2 Re1 37. Kc3 e4 38. b4 e3 39.
fxe3 Rxe3+ 40. Rd3 Re2 41. b5 Rxg2 42. b6 Re2 43. b7 Re8 44. Rd4 Rb8 45. Rb4
Ke5 46. Kd3 f5 47. Ke3 f4+ 48. gxf4+ Kd6 49. f5 h4 50. Kf4 h3 51. Kg3 1-0